Τα φιλοσοφικά στοιχεία στο ελληνικό λαϊκό παραμύθι : διπλωματική εργασία [μεταπτυχιακή εργασία]

Αποθηκεύτηκε σε:
Λεπτομέρειες βιβλιογραφικής εγγραφής
Κύριος συγγραφέας: Αθανασίου, Δέσποινα
Άλλοι συγγραφείς: Θεοδωροπούλου, Έλενα Κ. (dgsf)
Μορφή: Thesis Βιβλίο
Γλώσσα:Greek
Δημοσίευση: 2015.
Θέματα:
Διαθέσιμο Online:http://hdl.handle.net/11610/15636
Ετικέτες: Προσθήκη ετικέτας
Δεν υπάρχουν, Καταχωρήστε ετικέτα πρώτοι!

MARC

LEADER 00000cam a2200000 a 4500
001 1/109558
008 160113s2015####gr | ||| |||| ||gre||
040 |a GR-MyUa  |b gre  |c GR-MyUa  |e AACR2 
041 0 |a gre 
082 7 |a 398.2   |2 (23) 
100 1 |a Αθανασίου, Δέσποινα. 
245 1 3 |a Τα φιλοσοφικά στοιχεία στο ελληνικό λαϊκό παραμύθι :   |b διπλωματική εργασία [μεταπτυχιακή εργασία] /   |c Αθανασίου Δέσποινα ; επιβλέπουσα καθηγήτρια Θεοδωροπούλου Έλενα.  
260 |c 2015.  
300 |a 119 σ. ;   |c 30 εκ.  
502 |a Διατριβή (μεταπτυχιακή) – Πανεπιστήμιο Αιγαίου, Ρόδος, 2015. 
504 |a Βιβλιογραφία: σ. 114-117.  
506 1 |a Πλήρες κείμενο - Ενδοπανεπιστημιακή δημοσίευση.  
650 0 |a Tales  |x History and criticism. 
650 0 |a Tales  |x Structural analysis. 
650 0 |a Fairy tales  |z Greece. 
650 0 |a Folklore  |z Greece. 
650 0 |a Philosophy. 
700 1 |a Θεοδωροπούλου, Έλενα Κ.  |e dgsf 
852 |a INST  |b RHODES  |c DIATR  |e 20160113  |h 398.2 ΑΘΑ  |p 005400038175  |q 005400038175  |t MTXE  |y 23 
856 |u http://hdl.handle.net/11610/15636 
924 |a Αθανασίου   |b Δέσποινα   |y Ρόδος  |z 2015-11  
970 |z 13-01-2016